Piosenki z miejscami w tytule #2 - Statystyki

Ogólne statystyki
  • Ten quiz został rozwiązany 16 razy
  • Średni wynik to 7 z 22
Statystyki odpowiedzi
Artysta Piosenka % Poprawnych
Shakira Waka Waka (This Time for {Africa})
93%
Eagles Hotel {California}
87%
Lynyrd Skynyrd Sweet Home {Alabama}
80%
Evita Musical Don't Cry for Me {Argentina}
67%
Scott McKenzie {San} {Francisco} (Be Sure To Wear Some Flowers In Your Hair)
60%
The Doors {L}.{A}. Woman
47%
Traditional {America} the Beautiful
40%
NWA Straight Outta {Compton}
33%
Warren Zevon Werewolves of {London}
33%
Charlie Daniels Band Devil Went Down To {Georgia}
27%
Nat King Cole I Love {Paris}
27%
The Beach Boys Surfin' {USA}
27%
R.E.M. Radio Free {Europe}
20%
Patsy Cline South of the Border (Down {Mexico} Way)
20%
Swedish House Mafia Miami 2 {Ibiza}
13%
Katy Perry Waking up in {Vegas}
13%
John Denver {Rocky} {Mountain} High
7%
James Taylor {Carolina} in My Mind
0%
Neil Diamond {Kentucky} Woman
0%
Traditional O Little Town of {Bethlehem}
0%
Jan and Dean The Little Old Lady from {Pasadena}
0%
Van Morrison {Tupelo} Honey
0%
Nie znaleziono quizów pasujących do podanych kryteriów
Rozkład punktacji
Procent ludzi z każdym wynikiem
Percentyl według liczby udzielonych odpowiedzi
Twoja historia wyników
Nie rozwiązałeś tego quizu